000 00306nam a22001337a 4500
008 180926b xxu||||| |||| 00| 0 eng d
020 _a9780073375205
041 _aeng
080 _a370
100 _a49
101 _aEDU
245 _aPower Learning And Your Life
_cFeldman.R.S
942 _2udc
_cBK
999 _c48466
_d48466